01178nam a2200193Ia 4500001001100000003001000011008004100021040002500062041001300087100001600100245007700116250001100193260009200204300002800296500026200324501011400586520026200700650002200962L900-39864IT-CnALBA170116s9999||||xx |||||||||||||| ||und|| aIT-CnALBAcIT-CnALBA aITALIANO aPIERI PIERO 0aNUOVE QUESTIONI DI STORIA DEL RISORGIMENTO E UNITÀ D'ITALIA. VOL. II.  a1a ed. a MILANO - COMObMARZORATI CARLO EDITORE c1969 [1° Ed.:1969 - Ed.Ling.Originale: 1969] a805 p. (prefazione: 11) aGUERRE PER L'UNITÀ D'ITALIA. MAZZINI. VITTORIO EMANUELE II. MARCELLI U. MANZOTTI F. CATALUCCIO F. BULFERETTI L. FONZI F. LURAGHI R. CARUGO A. MONDELLA F. ROMANO F.S. CAIZZI B. PERTICONE G. ALBERTINI M. MARCHETTI L. INDICE ONOMASTICO. BIBLIOGRAFIA. IDEA NA aSocietà San Paolo EM - Piazza San Paolo, 14 - 12051 ALBA (CN) (non commercial uses only) ® Copyright 2017 aGUERRE PER L'UNITÀ D'ITALIA. MAZZINI. VITTORIO EMANUELE II. MARCELLI U. MANZOTTI F. CATALUCCIO F. BULFERETTI L. FONZI F. LURAGHI R. CARUGO A. MONDELLA F. ROMANO F.S. CAIZZI B. PERTICONE G. ALBERTINI M. MARCHETTI L. INDICE ONOMASTICO. BIBLIOGRAFIA. IDEA NA aSTORIA UNIVERSALE